| 000 | 01180nam a22003497a 4500 | ||
|---|---|---|---|
| 003 | CHAP | ||
| 005 | 20220329133346.0 | ||
| 008 | 971013s1991 r 00010 d | ||
| 010 | _a5421 | ||
| 011 | _a6393 | ||
| 035 | _a5613 | ||
| 040 | _cCHAP | ||
| 082 |
_a637.1 _bF6Y |
||
| 100 | 0 | 0 |
_aFondation de Technologie Laitiere du Quebec. _942093 |
| 245 |
_aCiencia y tecnología de la leche _b: principios y aplicaciones |
||
| 260 |
_aZaragoza : _bAcribia, _c1991 |
||
| 300 |
_a547 p. _b: ilus. ; gráfs. |
||
| 500 | _a57-65 | ||
| 590 |
_aBATCH-UPD _b10 _c20130109 _lUCH01 _h2340 |
||
| 590 |
_aBATCH-UPD _b10 _c20130110 _lUCH01 _h0903 |
||
| 590 |
_aBATCH-UPD _b10 _c20130410 _lUCH01 _h0531 |
||
| 590 |
_aBATCH-UPD _b10 _c20130914 _lUCH01 _h1425 |
||
| 590 |
_aCONVERSION _b10 _c20130109 _lUCH01 _h1304 |
||
| 650 | 1 | 4 |
_aIndustria lechera. _957819 |
| 650 | 1 | 4 |
_aLeche _xAnálisis. _965359 |
| 650 | 1 | 4 |
_aLeche _xValor nutritivo. _965418 |
| 650 | 1 | 4 |
_aProductos lácteos. _992124 |
| 901 | _aBK | ||
| 942 | _cLIBRO | ||
| 949 |
_a637.1 F6Y _bBC _cLIBRO _d33724000104121 _eLIBRO _h81748 _i5613 _si _t264.00 |
||
| 949 |
_a637.1 F6Y _bBC _cLIBRO _d33724000885026 _eLIBRO _fc.2 _gI.167225 _h83351 _i5613 _si _t264.00 |
||
| 999 |
_c5421 _d5421 |
||